000 00710nam a22002297a 4500
005 20141128145658.0
008 141128b xxu||||| |||| 00| 0 eng d
020 _a9789382951032
_c265
040 _aLoreto College
041 _aEnglish
082 _a822.33 ID
_bMID-BRO
100 _aShakespeare, William
_d1564-1616
245 _aA midsummer night's dream
_cWilliam Shakespeare. Edited by Harold F. Brooks
260 _aLondon
_bBloomsbury
_c2013
300 _acxliii,165
_b23 cm
440 _aThe Arden Shakespeare
500 _aFirst published by Methuen & Co. Ltd. in 1979
650 _aShakespearan Drama
_ySixteenth Century
700 _4ed.
_aBrooks, Harold E.
850 _aLCLIB
942 _cBK
999 _c39631
_d90110